| 000 | 00468nam a2200169 i 4500 | ||
|---|---|---|---|
| 001 | 41868 | ||
| 003 | ES-MaACL | ||
| 005 | 20230906160516.0 | ||
| 007 | t| | ||
| 008 | 030312s1919 ve ||||1| spa d | ||
| 080 | _a58 | ||
| 080 | _a57 | ||
| 100 | 1 |
_aCarbonell, Diego. _935036 |
|
| 245 | 1 | 0 |
_aBotánica y biología : _blecciones expuestas a los cursantes del Liceo de Mérida / _cDiego Carbonell. |
| 260 |
_aCaracas : _b[s.n., _c1919] |
||
| 852 | 4 |
_aES-MaACL _j1587-F-4 |
|
| 999 |
_c41868 _d41868 |
||